Mystery Taylor Swift Song #36 - Statistics

General Stats
  • This quiz has been taken 815 times
    786 since last reset
  • The average score is 34 of 105
Answer Stats
Song % Correct
Taylor Swift
87%
a
81%
I
81%
You
77%
the
68%
And
66%
me
66%
to
62%
it
60%
I'm
58%
when
58%
as
55%
no
54%
So
53%
do
52%
is
52%
that
51%
what
51%
of
50%
for
48%
cold
47%
never
46%
say
46%
But
45%
have
45%
if
45%
I've
45%
not
43%
been
42%
all
41%
Cold As You
41%
did
40%
with
40%
know
39%
Oh
39%
want
39%
'cause
38%
there
38%
Just
36%
now
35%
day
34%
up
33%
way
33%
them
30%
thing
30%
anywhere
29%
here
28%
need
27%
wanted
27%
best
26%
every
26%
perfect
26%
shame
26%
will
26%
give
25%
take
25%
you've
25%
away
24%
wouldn't
24%
somethin'
23%
walk
23%
ending
22%
feel
22%
thinkin'
22%
told
22%
very
22%
coming
21%
through
21%
words
21%
come
20%
damn
20%
sittin'
20%
smile
20%
given
19%
rainy
19%
cried
18%
made
18%
died
17%
easily
17%
honey
17%
little
17%
put
17%
story
17%
fight
16%
mess
16%
stood
16%
use
16%
great
15%
nerve
15%
start
15%
adore
14%
Ain't
14%
dreamer
14%
loving
14%
nobody
14%
gray
13%
paint
13%
shade
13%
walls
13%
defending
12%
wished
12%
condescending
11%
fake
11%
scars
10%
Countin'
9%
No matching quizzes found
Score Distribution
Percent of People with Each Score
Percentile by Number Answered
Your Score History
You have not taken this quiz since the last reset